Central Library OPAC University of Rajshahi

The Environmental effects of nuclear war / (Record no. 59246)

MARC details
000 -LEADER
fixed length control field 00953nam a2200301 a 4500
001 - CONTROL NUMBER
control field 59246
003 - CONTROL NUMBER IDENTIFIER
rucl marc code BD-RjUL
005 - DATE AND TIME OF LATEST TRANSACTION
control field 20211209080717.0
008 - FIXED-LENGTH DATA ELEMENTS--GENERAL INFORMATION
fixed length control field 161222s1984 enka b 000 0 eng
020 ## - INTERNATIONAL STANDARD BOOK NUMBER
International Standard Book Number 0813370140 (pbk.) :
Terms of availability 24.00
035 ## - SYSTEM CONTROL NUMBER
System control number MITb10217370
System control number (BD-RjUL) 59370
System control number GLIS00217370
040 ## - CATALOGING SOURCE
Original cataloging agency DLC
Transcribing agency DLC
Modifying agency MYG
-- BD-RjUL
Language of cataloging eng
041 ## - LANGUAGE CODE
Language code of text/sound track or separate title eng
082 ## - DEWEY DECIMAL CLASSIFICATION NUMBER
Edition number 23
Classification number 363.3498
Author mark and year ENV 1974
099 ## - LOCAL FREE-TEXT CALL NUMBER (OCLC)
Bangla Class number U263.E58 1984
245 04 - TITLE STATEMENT
Title The Environmental effects of nuclear war /
Statement of responsibility, etc. Julius London ; Gilbert F. White.
260 ## - PUBLICATION, DISTRIBUTION, ETC. (IMPRINT)
Place of publication, distribution, etc. Boulder, Colo. :
Name of publisher, distributor, etc. Westview Press,
Date of publication, distribution, etc. c1984.
300 ## - PHYSICAL DESCRIPTION
Pagination xii, 203 p. :
Illustrations ill. ;
Size 23 cm.
490 1# - SERIES STATEMENT
Series statement AAAS selected symposium ;
Volume/sequential designation 98
504 ## - BIBLIOGRAPHY, ETC. NOTE
Bibliography, etc Bibliography: p. 197-200.
650 #0 - SUBJECT ADDED ENTRY--TOPICAL TERM
Topical term or geographic name as entry element Nuclear warfare
General subdivision Environmental aspects.
9 (RLIN) 176209
700 1# - ADDED ENTRY--PERSONAL NAME
Personal name London, Julius,
Personal name White, Gilbert F.
830 #0 - SERIES ADDED ENTRY--UNIFORM TITLE
Uniform title AAAS selected symposium ;
Volume number/sequential designation 98.
942 ## - ADDED ENTRY ELEMENTS (KOHA)
Source of classification or shelving scheme Dewey Decimal Classification
Koha item type Books
Holdings
Lost status Source of classification or shelving scheme Damaged status Not for loan Collection code Permanent Location Current Location Shelving location Date acquired Source of acquisition Total Checkouts Full call number Date last seen Copy number Koha item type
  Dewey Decimal Classification   Not For Loan Non-fiction Central Library, University of Rajshahi Central Library, University of Rajshahi Reading Room 24/08/1991 Anif   363.3498 ENV 1984 22/12/2016 C-1 Books